Quizzes
Events
Quiz Creation
Community
Videos
Private Events
Remove Ads
Sign In
Join for FREE
Feedback
Dark Mode
Quiz Categories
Sports
Geography
Music
Movies
Television
Just For Fun
Miscellaneous
History
Literature
Language
Science
Gaming
Entertainment
Religion
Holiday
For Kids
Quiz Lab
Recent
Popular Today
Quiz Kudos Today
Editor Picks
Curator Picks
Quizzes by...
Day
Popularity
Type
Ratings
Length
Year
Community
Subscriptions
Recent Discussions
Orange Saloon
Badges
Playlists
Quests
Create
Leaderboards
Showdown
Live 5
Trivia Bingo
Activity
Puzzle Library
Sporcle Events
Private Events
Virtual Trivia
Globe League
Become a Host
Pub Owners
SporcleCon
Opinionation
Our Games
Videos
Blog
Mobile Apps
Partnerships
Remove Ads and Go Orange
Feedback
Television
TV Characters
TV Show
Sitcom
Network
Friends
Reality Shows
Cast
South Park
Star Trek
The Simpsons
Doctor Who
Television
TV Characters
TV Show
Sitcom
Network
Friends
Reality Shows
Cast
South Park
Star Trek
The Simpsons
Doctor Who
Random Quiz
Search Sporcle
×
Quiz Lab
Quiz Lab
Television
Clickable
Select answers by clicking on text or image buttons
Select answers by clicking on text or image buttons
Clickable
Best Score? Go Orange.
Survivor Winners Stats
Can you pick the Survivor Winners
By
goldfish51
5m
34 Questions
105 Plays
105 Plays
105 Plays
Comments
Comments
Give Quiz Kudos
Give Quiz Kudos
-
- Ratings
hide this ad
Random Order
Randomize order of answers
Randomize order of answers
Replay
Link that replays current quiz
Next Quiz
Link to next quiz in quiz playlist
You Got
0%
They Got
Avg Score
85%
Avg Friend Score
Upgrade to see
Score Distribution
Jump to the score distribution portion of the page
Score
0/34
Timer
05:00
0
Plays Today
% Correct
Game Changers
100%
Millennials vs. Gen X
96.7%
Kaoh Rong
95.7%
Cook Islands
95.2%
Blood vs Water
95.2%
Africa
94.3%
All-Stars
94.3%
China
94.3%
One World
94.3%
Cagayan
94.3%
Australian Outback
93.3%
Tocantins
93.3%
Samoa
93.3%
San Juan Del Sur
93.3%
Cambodia
93.2%
Borneo
92.4%
Marquesas
92.4%
% Correct
Gabon
92.4%
Worlds Apart
92.4%
The Amazon
91.4%
Pearl Islands
91.4%
Guatemala
91.4%
Micronesia
91.4%
Heroes vs Villains
90.5%
Redemption Island
90.5%
Fiji
89.5%
Philippines
89.5%
Thailand
88.6%
Nicaragua
88.6%
South Pacific
88.6%
Panama
87.6%
Caramoan
87.6%
Palau
86.7%
Vanuatu
85.7%
Quiz Playlist
Details
Report
Send in Message
Add To Playlist
Clickable:
Select answers by clicking on text or image buttons
Random Order:
Randomize order of answers
Last Updated: May 30, 2017
Quiz Scoreboard
CHALLENGE
Sign Up to Join the Scoreboard
Show All
Scores
Hide
Comments
May contain spoilers
Recently Published
Popular People in 1961
by mucciniale
History
6m
1-10 Letter E Words III
by El_Dandy
Language
2m
One Thing in Common: World Cities II
by knightlancer
Geography
7m
More to Explore
Quiz From the Vault
Featured Blog Post
Where Did the Easter Bunny Come From?
hide this ad
You Might Also Like...
Tags
Clickable Quiz
Survivor
Winner
Today's Top Quizzes in Television
Browse Television
hide this ad
Today's Top Quizzes in Clickable
Browse Clickable
Top Contributed Quizzes in Television
1
One Piece Logic Puzzle
2
Survivor Logic Puzzle: Heroes vs. Villains
3
Survivor Seasons
4
Survivor Season by Logo
5
Survivor Trivia
6
Survivor Logic Puzzle: Winners at War
7
Ultimate Survivor Logic Puzzle
8
Phoebe Buffay Quotes
9
Emmerdale Characters (from August 2012)
10
One Thing in Common: Television
Explore More
Trending Topics
Anime
Marvel
Harry Potter
Kpop
Crossword
Disney
NBA
Pokémon
Song
Soccer
The Office
Country
WWE
NFL
Puzzle
hide this ad
More By:
goldfish51
Quiz
Plays
Rating
Category
Featured
Created
NBA All-Star Starters in the last 20 Years
11,376
4.35
Sports
Jan 27, 2013
Survivor Returnees by Original Season
833
Television
Jan 31, 2013
Power Rangers by Season
609
5.00
Television
Oct 24, 2011
Most All-Star Selections by Team
397
4.00
Sports
Oct 24, 2011
Survivor Buff Colors
367
5.00
Television
Jan 31, 2013
Go to Creator's Profile
Score Distribution
Quiz Creator Spotlight
goldfish51
Follow
Send a Message
Quizzes Created
-
Created Quiz Play Count
-
More By This Creator
Popular Quizzes Today
1
Find the US States - No Outlines Minefield
2
The Countries of the World
3
Find the Countries of Europe - No Outlines Minefield
4
Popular People in 1961
5
1-10 Letter E Words III
6
Find the US States
7
One Thing in Common: World Cities II
8
US States
More Television Quizzes
TV Show Side Characters
Published
Trending Quizzes
Risky Map Clicking: Least Populous States A-Z
1-10 Letter F Words
1-10 Letter G Words
One Thing in Common: United Kingdom
Risky Map Clicking: Next State Alphabetically
Recently Updated
Leaping Animals
pecheneg
Reality TV Shows (A-Z)
bhenderson79
Rickey Henderson's Hall of Fame Teammates
pecheneg
Champions League XIs: Arsenal
pecheneg
Quick Pick: Celebrities in WWE's Hall of Fame
aduchscher
A-Z Keypad Blitz II
pecheneg
Multiple Oscar Actors
pecheneg
Mystery Phrase Blitz: Oscar 'Best Actors'
pecheneg
F. Scott Fitzgerald Novels
LTH
Pick 3 Villains
ddd62291
Trending Topics
Marvel
Disney
Anime
Kpop
Crossword
Harry Potter
NBA
NFL
Puzzle
The Office
WWE
Song
Country
Pokémon
Soccer
Your Account Isn't Verified!
In order to create a playlist on Sporcle, you need to verify the email address you used during registration. Go to your
Sporcle Settings
to finish the process.
Report this User
Report this user for behavior that violates our
Community Guidelines
.
Details:
Send Report
Go to the Sporcle.com Mobile Site →
Comments